00469nam a22001457a 4500020001800000082001600018100002000034245003200054260005200086300000800138650002500146942000700171952012800178999001700306 a9788125034810 a294.543 SRI aSrinivas Smriti aIn the Presence of Sai Baba aHyderabadborient Longman Private limitedc2008 a403 aSprituality-Hinduism cBK 00104070aHMIbHMId2017-02-02eOrient Blackswan hyderabadl1o294.543 SRIp25105r2020-02-03s2020-01-28w2017-02-02yBK c20196d20196